000 00574pam a2200217 a 4500
001 4770249
005 20180119081806.0
008 860827s1986 nyua b 001 0 eng
010 _a 86020122
020 _a0070684804 (pbk.) :
_c$19.95
040 _aDLC
_cDLC
_dDLC
041 _aeng
080 _a621.381 joh
082 0 0 _a621.381 joh
_219
100 1 _a27
101 _aim
245 1 0 _aMastering electronics :
_cJohn Watson.
504 _aBibliography: p. 392.
906 _a7
_bcbc
_corignew
_d1
_eocip
_f19
_gy-gencatlg
942 _2ddc
_cBK
999 _c40602
_d40602